Elenca la formazione - Quiz n°75 - Statistics

Statistiche generali
  • Questo quiz è stato fatto 110 volte
  • Il punteggio medio è 9 su 11
Statistiche sulle risposte
Ruolo Nazione Calciatore % Corretto
Portiere Brasile Júlio César
98%
Attaccante Camerun Samuel Eto'o
98%
Difensore Argentina Javier Zanetti
96%
Difensore Romania Christian Chivu
89%
Trequartista Paesi Bassi Wesley Sneijder
89%
Centrocampista Brasile / Italia Thiago Motta
81%
Difensore Argentina Walter Samuel
79%
Centrocampista Serbia Dejan Stanković
76%
Difensore Italia Andrea Ranocchia
63%
Trequartista Argentina Ricardo Álvarez
49%
Centrocampista Nigeria Joel Obi
45%
Nessun quiz corrispondente trovato
Distribuzione punteggi
Percentuale di utenti per punteggio
Percentile per numero di risposta
I tuoi punteggi nel tempo
Non hai fatto questo quiz